Przemiany struktury spolecznej Zydow w Trzeciej Rzeszy (1933-1945) / Karol Jonca
Record details
- Physical Description: S. 106-119
- Publisher: Wrocław : Wydawnictwo Uniwersytetu Wrocławskiego, 1992
Content descriptions
| Linking Entry Complexity Note: | Separát z: Acta Universitatis Wratislaviensis, No. 1207, 1992 |
Available copies
- 0 of 1 copy available at Common Catalog SPOK.
Holds
- 0 current holds with 1 total copy.
Show Only Available Copies
| Location | Call Number / Copy Notes | Barcode | Shelving Location | Status | Due Date |
|---|---|---|---|---|---|
| Terezin Initiative Institute | 3728 | 4594303728 | Stacks | In process | - |
| LDR | nam a22 i 4500 | ||
|---|---|---|---|
| 001 | 51680 | ||
| 003 | CZ-PrJAB | ||
| 005 | 20221214102421.0 | ||
| 007 | ta | ||
| 008 | 221214s1992 pl e 000 0 pol | ||
| 035 | . | ‡a(CZ-PrJAB)51679 | |
| 035 | . | ‡a(CZ-PrJAB)51678 | |
| 035 | . | ‡a(CZ-PrJAB)51677 | |
| 040 | . | ‡aABE340 ‡bcze | |
| 041 | 0 | . | ‡apol |
| 100 | 1 | . | ‡aJonca, Karol ‡4aut |
| 245 | 1 | 0. | ‡aPrzemiany struktury spolecznej Zydow w Trzeciej Rzeszy (1933-1945) / ‡cKarol Jonca |
| 260 | . | ‡aWrocław : ‡bWydawnictwo Uniwersytetu Wrocławskiego, ‡c1992 | |
| 300 | . | ‡aS. 106-119 | |
| 580 | . | ‡aSeparát z: Acta Universitatis Wratislaviensis, No. 1207, 1992 | |
| 653 | 0 | . | ‡aŽidé ‡aPolsko |
| 953 | 0 | . | ‡aPolsko ‡aŽidé |
| 787 | 1 | 8. | ‡tActa Universitatis Wratislaviensis, |
| 910 | . | ‡aABE340 ‡b3728 | |
| 995 | . | ‡askn | |
| 901 | . | ‡a51680 ‡bAUTOGEN ‡c51680 ‡tbiblio | |